000 00302nam a22001217a 4500
008 180302b xxu||||| |||| 00| 0 eng d
041 _aeng
080 _a54
100 _a11
101 _akim
245 _aanalytical chemistry of nitrogen and its compounds
_caveredi.pr
942 _2udc
_cBK
999 _c43931
_d43931